000 00572nam a2200181Ia 4500
008 100920s9999 xx 000 0 und d
082 _b47362
_a51 थ 83
100 _aपंडित नलिनी.
245 _aगांधी.
260 _bग्रंथाली, अभिनव वाचक-चळवळ नेहरूनगर मुंबई 24.
_c1983
300 _a272
_bसाधी
365 _b35
520 _aचरित्र.
630 _aगांधी.
650 _aचरित्र.
730 _aगांधी.
942 _cBOOK
999 _c694755
_d694752